000 00658nam a22002297a 4500
003 UA-OsUOA
001 90571
007 ta
008 20121119b un ||||| |||| 00| 0 ukr d
100 _aМалишевський І.
090 _a821.161.2
_bМ19
942 _cBK
040 _aUA-OsUOA
_bukr
_cUA-OsUOA
_dUA-OsUOA
245 _aМіст через три життя
_bбіографічний роман. книга перша
300 _a312 с.
955 _a3
041 _aukr
080 _a821.161.2
260 _aК.
_bМолодь
_c1982
650 7 _a82 Література. Літературознавство
_2UDC
999 _c376849
_d376849